书目信息 |
| 题名: |
稀有气体的制取
|
|
| 作者: | ;蔡济道 编 | |
| 分册: | ||
| 出版信息: | 北京 科学出版社 1982 |
|
| 页数: | 282页 | |
| 开本: | 19cm | |
| 丛书名: | ||
| 单 册: | ||
| 中图分类: | TQ116.4 | |
| 科图分类: | ||
| 主题词: | 零族元素工业 | |
| 电子资源: | ||
| ISBN: | ||
| 000 | 00591nam0 2200229 45 | |
| 001 | 0182006967 | |
| 005 | 20060731174404.62 | |
| 010 | @dCNY1.45 | |
| 091 | @a13031.1969 | |
| 100 | @a19950420d1982 em y0chiy0121 ea | |
| 101 | 0 | @achi |
| 102 | @aCN@b110000 | |
| 105 | @ay z 000yy | |
| 200 | 10 | @a稀有气体的制取@Axi you qi ti de zhi qu@f蔡济道编 |
| 210 | @a北京@c科学出版社@d1982 | |
| 215 | @a282页@d19cm | |
| 606 | @a零族元素工业 | |
| 690 | @aTQ116.4@v3 | |
| 702 | 0 | @a蔡济道@Acai ji dao@4编 |
| 801 | 0 | @aCN@bTSSF@c20060731 |
| 801 | 2 | @aCN@bNLC@c20060731 |
| 905 | @a10447@dTQ116.4@e12 | |
| 稀有气体的制取/蔡济道编.-北京:科学出版社,1982 |
| 282页;19cm |
| ISBN :CNY1.45 |
| ● |
| 相关链接 |
|
|
|
|
正题名:稀有气体的制取
索取号:TQ116.4/12
 
预约/预借
| 序号 | 登录号 | 条形码 | 馆藏地/架位号 | 状态 | 备注 |
| 1 | 0434224 | 204342247 | 密集书库/ [索取号:TQ116.4/12] | 在馆 | |
| 2 | 0439093 | 204390934 | 密集书库/ [索取号:TQ116.4/12] | 在馆 | |
| 3 | 0439094 | 204390943 | 密集书库/ [索取号:TQ116.4/12] | 在馆 |